Portugalska imigracja według państw - Statystyki

Ogólne statystyki
  • Ten quiz został rozwiązany 122 razy
  • Średni wynik to 12 z 21
Statystyki odpowiedzi
Ludzie Państwo % Poprawnych
19 508 Hiszpania
100%
27 512 Francja
94%
9 794 Stany Zjednoczone
93%
239 744 Brazylia
92%
20 500 Niemcy
87%
45 218 Wielka Brytania
87%
34 039 Włochy
84%
22 000 Chiny
71%
35 416 Indie
70%
12 066 Holandia
63%
31 761 Angola
61%
6 088 Belgia
58%
25 445 Ukraina
50%
23 393 Rumunia
48%
10 828 Pakistan
38%
36 748 Republika Zielonego Przylądka
34%
16 468 Bangladesz
31%
23 737 Gwinea Bissau
25%
13 077 Wyspy Świętego Tomasza i Książęca
25%
8 936 Wenezuela
23%
23 839 Nepal
9%
Nie znaleziono quizów pasujących do podanych kryteriów
Rozkład punktacji
Procent ludzi z każdym wynikiem
Percentyl według liczby udzielonych odpowiedzi
Twoja historia wyników
Nie rozwiązałeś tego quizu